000 00494nam a2200181Ia 4500
008 240729s9999 xx 000 0 und d
022 _a2666-5603
245 0 _aSSM - Mental Health
260 _aUnited Kingdom
260 _bElsevier
650 _a Mental healing | Medicine
650 _a Other systems of medicine
650 _a Public aspects of medicine
650 _aMedicine
856 _uhttps://doaj.org/toc/7ab9c236ec8f4f3aa139f387f3cb96b8
942 _2ddc
942 _cDOAJEJ
999 _c69877
_d69877
945 _a1
_bMadushi Gamage
_c1
_dMadushi Gamage